Zabezpečenie štúdia materiálov 17. zjazdu KSČ v straníckom vzdelávaní

Bibliographic Details
Format: Article
Language:Slovak
Subjects:

MARC

LEADER 00000nab a2200000 a 4500
001 vtls000255851
003 SK-MaSNL
005 20260303201125.0
008 111130c1986 xo 0 slo
015 |a SNBRB19rr/mm-uuuuu 
035 |a CL0265965 
040 |a SNKBUCL  |b slo  |c SNKBUCL  |e AACR2 
041 0 |a slo 
044 |a xo  |c SK 
080 |a 329.15(437)  |2 1981 
245 0 0 |a Zabezpečenie štúdia materiálov 17. zjazdu KSČ v straníckom vzdelávaní 
610 7 |a Komunistická strana Československa  |2 snkbucl  |9 32256 
650 0 7 |a stranícke zjazdy  |2 snkbucl  |9 101752 
655 7 |a články z novín a časopisov  |2 snkbucl  |9 267496 
773 0 |t Život strany  |g Č. 15 (1986), s. 4-7 
850 |a Slovenská národná knižnica v Martine  |a MTA001 
852 |a SNK  |b KIS3GCP 
958 |a RK 
992 |a RBX 
999 |c 2172016  |d 2173946